Thecis-trans Isomerisation of Homologous 2-Hydroxycycloalkanecarboxylic Acids under Basic Conditions

Elmentve itt :
Bibliográfiai részletek
Szerzők: Gyarmati Cs. Zsuzsanna
Pálinkó István
Bokros Attila
Martinek Tamás A.
Bernáth Gábor
Dokumentumtípus: Cikk
Megjelent: 2006
Sorozat:Chinese Journal of Chemistry 24 No. 12
doi:10.1002/cjoc.200690335

mtmt:118389
Online Access:http://publicatio.bibl.u-szeged.hu/2075
LEADER 00853nab a2200241 i 4500
001 publ2075
005 20180621145617.0
008 130124s2006 hu o 0|| zxx d
022 |a 1001604X 
024 7 |a 10.1002/cjoc.200690335  |2 doi 
024 7 |a 118389  |2 mtmt 
040 |a SZTE Publicatio Repozitórium  |b hun 
041 |a zxx 
100 1 |a Gyarmati Cs. Zsuzsanna 
245 1 0 |a Thecis-trans Isomerisation of Homologous 2-Hydroxycycloalkanecarboxylic Acids under Basic Conditions  |h [elektronikus dokumentum] /  |c  Gyarmati Cs. Zsuzsanna 
260 |c 2006 
300 |a 1792-1795 
490 0 |a Chinese Journal of Chemistry  |v 24 No. 12 
700 0 1 |a Pálinkó István  |e aut 
700 0 1 |a Bokros Attila  |e aut 
700 0 1 |a Martinek Tamás A.  |e aut 
700 0 1 |a Bernáth Gábor  |e aut 
856 4 0 |u http://publicatio.bibl.u-szeged.hu/2075/1/118389.pdf  |z Dokumentum-elérés